Planning library service (Record no. 1153)

MARC details
000 -LEADER
fixed length control field 00437nam a2200181Ia 4500
020 ## - INTERNATIONAL STANDARD BOOK NUMBER
ISBN 0-85157-424-6
082 ## - DEWEY DECIMAL CLASSIFICATION NUMBER
Classification number 025.5 MCK-;
100 ## - MAIN ENTRY--AUTHOR NAME
Personal name Mckee, Bob
245 #0 - TITLE STATEMENT
Title Planning library service
260 ## - PUBLICATION, DISTRIBUTION, ETC. (IMPRINT)
Place of publication London
Name of publisher Library Association
Year of publication 1989
300 ## - PHYSICAL DESCRIPTION
Number of Pages 227p.
504 ## - BIBLIOGRAPHY, ETC. NOTE
Bibliography, etc Incudes index
650 ## - SUBJECT ADDED ENTRY--TOPICAL TERM
Topical Term Library administration
650 ## - SUBJECT ADDED ENTRY--TOPICAL TERM
Topical Term Library services
650 ## - SUBJECT ADDED ENTRY--TOPICAL TERM
Topical Term LIbrary science
650 ## - SUBJECT ADDED ENTRY--TOPICAL TERM
Topical Term Library planning
942 ## - ADDED ENTRY ELEMENTS (KOHA)
Koha item type Books
Holdings
Withdrawn status Lost status Damaged status Not for loan Home library Current library Date acquired Bill Date Full call number Accession Number Price effective from Koha item type
        NASSDOC Library NASSDOC Library 08/06/2004 2004-10-22 025.5 MCK-; 29700 18/04/2019 Books